LIBRARY & INFORMATION CENTRE, KCAET, TAVANUR

ONLINE PUBLIC ACCESS CATALOGUE (OPAC)

Mechanics of Materials (Record no. 14387)

MARC details
000 -LEADER
fixed length control field 00364nam a22001577a 4500
020 ## - INTERNATIONAL STANDARD BOOK NUMBER
ISBN 9788131518335
082 ## - DEWEY DECIMAL CLASSIFICATION NUMBER
Classification number 624.17
Item number GER/ME
100 ## - MAIN ENTRY--AUTHOR NAME
Personal name Gere,James M.
100 ## - MAIN ENTRY--AUTHOR NAME
Personal name Goodno,Barry J.
245 ## - TITLE STATEMENT
Title Mechanics of Materials
250 ## - EDITION STATEMENT
Edition statement 7 th
260 ## - PUBLICATION, DISTRIBUTION, ETC. (IMPRINT)
Place of publication New Delhi
Name of publisher Cengage Learning
Year of publication 2012
300 ## - PHYSICAL DESCRIPTION
Number of Pages 1002
500 ## - GENERAL NOTE
General note SI Edition
942 ## - ADDED ENTRY ELEMENTS (KOHA)
Koha item type Books
Holdings
Withdrawn status Lost status Damaged status Collection code Home library Current library Shelving location Date acquired Source of acquisition Cost, normal purchase price Full call number Accession Number Koha item type
        KAUAET KAUAET General Stacks 30/03/2013 Aman Book Stall, Calicut 599.00 624.17 GER/ME 24149 Books
free website counter